000 00537nam a2200181Ia 4500
003 GCL
008 140319s9999 xx 000 0 eng d
040 _aGCL /
_cGCL
082 0 4 _aP
_b300.5
_bS S
100 1 _aSAAD,REEM
245 1 0 _aSOCIAL HISTORY OF AN AGRARIAN REFORM COMMUNITY IN EGYPT /
_cSAAD,REEM
260 _a[S.N] :
_bAMERICAN UNIVERSITY IN CAIRO PRESS ،
_c1988
300 _a115
490 _aTHE WADSWORTH INTERNATIONAL DIMENSION OF BUSINESS
_v0
650 0 4 _aPERIODICALS
650 0 4 _aSOCIAL SCIENCE
942 _2ddc
_cCR
999 _c25826
_d25826